Herecké techniky 20. storočia

Bibliographic Details
Main Author: Mistrík, Miloš, 1953- (Author)
Format: Book
Language:Slovak
PhysicalDescription:305 strán fotografie, ilustrácie 21 cm
Published: Bratislava Veda 2003
ISBN:8022407798
Edition:1. vydanie
Subjects:

MARC

LEADER 00000cam a2200000 a 4500
001 vtls001465881
003 SK-MaSNL
005 20260301121727.0
008 220509s2003 xo oa grn 00100 slo
015 |a SNBA2004/03-02481 
020 |a 8022407798 
035 |a SNK000421186 
035 |a urn:nbn:sk:snk-am3j1yh 
035 |a 6F1FF33D-36AD-4EE8-B044-87EA373F1599 
035 |a urn:nbn:sk:snk-am00gih0 
040 |a SNK  |b slo  |c SNK  |e AACR2 
041 0 |a slo 
044 |a xo  |c SK 
072 7 |a 792  |x Divadlo. Divadelné predstavenia  |2 konspekt 
080 |a 792.028  |2 2011 
080 |a 792.028.3  |2 2011 
080 |a (048.8)  |2 2011 
080 |a 792.09  |2 2011 
100 1 |a Mistrík, Miloš,  |d 1953-  |4 aut  |9 103210 
245 1 0 |a Herecké techniky 20. storočia  |c Miloš Mistrík 
250 |a 1. vydanie 
260 |a Bratislava  |b Veda  |c 2003 
300 |a 305 strán  |b fotografie, ilustrácie  |c 21 cm 
504 |a Bibliografia na strane 296-298 ; index mien ; poznámky 
648 7 |a 20. storočie  |2 SNKPH  |9 278343 
650 0 7 |a herectvo  |2 SNKPH  |9 3342 
650 0 7 |a herecké techniky  |2 SNKPH  |9 51537 
650 0 7 |a divadelné predstavenia  |2 SNKPH  |9 3328 
655 7 |a monografie  |2 SNKPH  |9 70139 
919 |a 80-224-0779-8 
958 |a NB 
999 |c 730449  |d 732379 
952 |t P60, <03>, [BOOK], {603}  |a SNK  |b SNK  |y PREZ  |7 0  |p 17A0408691  |o snkSC 114206  |i snkKSP 351/2004  |0 0  |1 0  |4 0  |d 2004-01-13  |f 1  |l 0  |r 2025-10-03 00:00:00  |w 2026-02-23 
952 |t snkMIS 792  |a SNKUST  |b SNKUST  |y PREZ  |7 0  |p 17A0408692  |o snkSC 114206 D1  |i snkKSP 352/2004  |0 0  |1 0  |4 0  |d 2004-01-13  |l 0  |r 2025-04-30 00:00:00  |w 2026-02-23